1794 1336 1403 1089 1411 1705 1248 1825 1482 1454 1114 1257 1315 1243 1470 1298 1723 1304 1110 1120 1806 1575 1302 1169 1113 1407 1954 1348 1865 1762 1334 1597 1695 1182 1294 1327 1127 1153 1302 1214 1947 1643 1285 1169 1581 1483 1992 1972 1982 1492 1457 1376 1722 1014 1853 1439 1849 1700 1072 1282 1801 1569 1846 1479 1695 1102 1791 1736 1007 1536 1979 1660 1057 1961 1229 1785 1008 1823 1895 1681 1272 1741 1261 1575 1226 1129 1087 1031 1149 1275 1235 1409 1413 1097 1533 1897 1561 1869 1113 BCNSPRNW ULIB Ver.6.0+V

เปลี่ยนเป็นภาษาไทย

Change to English
 แสดงรายละเอียดบรรณานุกรม
  กลับหน้าหลัก

Brief Record : Get Marc (ISO 2709) : E-mail record : QR code < ปิดหน้าต่าง
LEADER : 00000nam 2200000uu 4500
001    13399112655
003     ULIB
008    110830s2544||||th 000 0 tha d
020    9748212211
050  4 HV9202.55^bอ376อ 2544
100 0  อรสม สุทธิสาคร
245 10 อาชญากรเด็ก? /^cอรสม สุทธิสาคร
250    พิมพ์ครั้งที่ 3
260    กรุงเทพฯ :^bสารคดี,^c2544
300    150 หน้า ;^c21 ซม.
650  4 เด็ก^xเหยื่ออาชญากรรม
650  4 ความก้าวร้าวในเด็ก
650  4 เด็กที่เป็นปัญหา
650  4 อาชญากรรมของเด็ก
945    ^p126^l0^i015960
995    ทศพร
999 ^a ทศพร
รายการนี้ยังไม่มีแท็ก
คุณยังไม่ได้ล็อกอิน คุณสามารถมีกิจกรรมร่วมกับเว็บไซต์ได้ แต่ต้องล็อกอินก่อน ::
  ล็อกอิน

รายการสื่อสารสนเทศ

ลำดับที่ ประเภท เลขเรียก/บาร์โค้ด สถานที่ สถานะ
- ไม่พบข้อมูล -

รายการใกล้เคียง
    ผู้แต่ง [อรสม สุทธิสาคร]

    หัวเรื่อง [เด็กที่เป็นปัญหา]

BibComment


ยังไม่เคยถูกคอมเมนท์

คอมเมนท์ทรัพยากรรายการนี้
  คอมเมนท์: อาชญากรเด็ก อรสม..


 Copyright 2026. Bcnsprnw @Library